| 000 | 00604nam a2200217 a 4500 | ||
|---|---|---|---|
| 001 | 000030235 | ||
| 005 | 20200120222156.0 | ||
| 008 | 070516s2006 col0 gr0 000 d | ||
| 020 | _a958-42-1405-5 | ||
| 090 |
_aAN _bQUIF |
||
| 100 | 0 | _aQuiroz, Fernando | |
| 245 | 1 | 0 |
_aEsto huele mal / _cFernando Quiroz. |
| 250 | _a1a. ed. | ||
| 260 |
_aBogotá : _bSeix Barral, _c2006. |
||
| 300 | _a181 p. | ||
| 490 | 0 | _aBiblioteca breve | |
| 500 | _aBiblioteca Mosquera con ISBN:9789584217509 | ||
| 650 | 1 | 4 | _aLITERATURA COLOMBIANA |
| 650 | 1 | 4 | _aNOVELA COLOMBIANA |
| 901 | _aCompra, Planeta, 2006, $17.600.00 | ||
| 999 |
_c1746 _d1746 |
||